| 000 | 00474cam a2200193 4500 | ||
|---|---|---|---|
| 001 | 3613728 | ||
| 005 | 20180222064619.0 | ||
| 008 | 730611s1973 nyu 000 0 eng | ||
| 010 | _a 73008770 | ||
| 040 |
_aDLC _cDLC _dDLC |
||
| 041 | _aeng | ||
| 080 | _a330 mis | ||
| 082 | 0 | 0 | _a330 mis |
| 100 | 1 | _a52 | |
| 101 | _aeco | ||
| 245 | 1 | 0 |
_a21 popular economic fallacies _c[by] E. J. Mishan. |
| 906 |
_a7 _bcbc _corignew _du _eocip _f19 _gy-gencatlg |
||
| 942 |
_2ddc _cBK |
||
| 999 |
_c43168 _d43168 |
||